000 00472nam a2200181Ia 4500
008 230711s9999||||xx |||||||||||||| ||und||
020 _a978-0-07-107774-3
041 _aENG
082 _a621.319
_bBA-P
100 _aRam,Badri
245 0 _aPower System Protection: Static Relays
250 _a1st Ed.
260 _c2011
_aNew Delhi
_bTata McGraw Hill Education Limited
300 _a670
650 _aElectrical Engineering
700 _aVishwakarma,D.N
942 _cBK
999 _c108
_d108